| 000 | 01013nas a2200325 4500 | ||
|---|---|---|---|
| 001 | BR0102413 | ||
| 003 | BR-BrBNA | ||
| 005 | 20231205103455.0 | ||
| 007 | ta | ||
| 008 | 230509b bl.|||p| |||| 00| 00por d | ||
| 040 |
_aBR-BrBNA _bpor _cBiblioteca Nacional de Agricultura |
||
| 041 | _a(Pt) | ||
| 072 | _aH60 | ||
| 100 | 1 | _aAndrade, C.A. de B. | |
| 100 | 1 | _aConstantin, J. | |
| 100 | 1 | _aScapim, C.A. | |
| 100 | 1 | _aLucca, A. de | |
| 100 | 1 | _aBraccini, C. | |
| 100 | 1 | _aAngelotti, F. | |
| 245 | 1 | _aEfeito da competição com plantas daninhas em diferentes espaçamentos sobre o rendimento de tres cultivaresde feijão (Phaseolus vulgaris L.) | |
| 650 | _aFEIJÃO | ||
| 650 | _aERVA DANINHA | ||
| 650 | _aESPAÇAMENTO | ||
| 650 | _aCOMPETIÇÃO DE VARIEDADE | ||
| 650 | _aVARIEDADE | ||
| 650 | _aRENDIMENTO | ||
| 773 | 0 |
_tCiência e Agrotecnologia (Brazil) _xISSN 1413-7054 _g(Jul-Sep 1999), v. 23(3) p. 529-539 _wBR0102413 |
|
| 909 |
_a202311 _bLúcia _c55 _dLúcia Elande |
||
| 942 |
_2AGRIS _n0 _cANA |
||
| 999 |
_c173057 _d173057 |
||